01316nab a22002417a 4500999001500000003000400015005001700019008004100036040000700077100003900084245015400123300001400277500003600291505028500327505014200612650002800754650003700782650001800819650003300837650003500870773015600905942001301061 c6063d6063OSt20260121001831.0190514b xxu||||| |||| 00| 0 spa d cPJ 94332aPellegrini, María Victoria13aLa finalidad de la compensación económica como guía de las operaciones de cuantificación y modalidad de pago /cMaría Victoria Pellegrini.  ap. 28-39  aCita: TR LALEY AR/DOC/981/2024. aSumario: I. Introducción.— II. Síntesis de la sentencia.— III. La compensación económica y el régimen patrimonial del matrimonio.— IV. La cuantificación de la compensación económica.— V. El pago de la compensación económica.— VI. Palabras de cierre.  tFallo comentado: CNCiv., sala B ~ 26/10/2023 ~ M., M. C. c. D., O. D. s/ fijación de compensación económica - Arts. 441 y 442 CCCN 09967aDERECHO DE FAMILIA 095830aCOMPENSACIÓN ECONÓMICA 09977aDIVORCIO 091053aUNIONES CONVIVENCIALES 091057aJURISPRUDENCIA APLICABLE0 0284493222dBuenos Aires : AbeledoPerrot, 1989-tDerecho de familia. Revista Interdisciplinaria de doctrina y jurisprudencia. Junio 2024-III.z18511201 2udccANA